[Event "Hastings 0304 79th"]
[Site "Hastings"]
[Date "2003.12.30"]
[Round "3"]
[White "Nielsen, Peter Heine"]
[Black "Lagno, Kateryna"]
[Result "1-0"]
[WhiteElo "2626"]
[BlackElo "2486"]
[Annotator "Ribli,Z"]
[PlyCount "91"]
[EventDate "2003.12.28"]
[EventType "tourn"]
[EventRounds "9"]
[EventCountry "ENG"]
[EventCategory "13"]
[SourceTitle "CBM 099"]
[Source "ChessBase"]
[SourceDate "2004.03.30"]
[SourceVersion "1"]
[SourceVersionDate "2004.03.30"]
[SourceQuality "1"]

1. Nf3 Nf6 2. c4 e6 3. Nc3 Bb4 4. Qc2 O-O 5. a3 Bxc3 6. Qxc3 b6 7. e3 Bb7 8.
Be2 d6 9. O-O Nbd7 (9... Ne4 10. Qc2 Ng5 11. Nxg5 (11. Ne1) 11... Qxg5 12. f3
e5 13. d4 exd4 14. exd4 Qf6 15. Be3 $14 {1-0 Nielsen,P-Rozentalis,E/Germany
2001/CBM 87/[Ribli] (39)}) 10. b4 {[%cal Gc1b2,Gb2h8] Das ist ein thematischer
Zug in dieser Variante - Weiß gewinnt Raum am Damenflügel und platziert den
Läufer auf b2.} e5 {Schwarz hat seinen dunkelfarbigen Läufer schon getauscht
und möchte mit dem Textzug die Diagonale a1-h8, wenn möglich, schließen.} (
10... a5 11. Bb2 Qe7 12. d4 axb4 13. axb4 Rfc8 14. Rxa8 Rxa8 15. d5 Nf8 16. Rd1
Bc8 17. Nd4 {1-0 Kramnik,V-Anand,V/Dortmund 2000/CBM 78 (65)}) 11. Bb2 a5 (
11... Ne4 12. Qc2 Ng5 13. Nxg5 (13. Ne1) 13... Qxg5 14. f3 Kh8 15. Rf2 Rad8 16.
Qc3 Rfe8 17. Bf1 Qh6 18. Re1 Nf6 19. d4 e4 20. d5 c6 21. dxc6 Bxc6 22. Qd4 Re5
23. f4 Rh5 24. h3 {0-1 Teijeiro,B-Conquest,S/Mondariz Balneario 2002/CBM 90
ext (51)}) 12. d4 {Mit diesem Zug gibt Weiß die Kontrolle über das e4-Feld auf,
aber er möchte die Diagonale für den b2-Läufer öffnen.} Ne4 13. Qc2 Qe7 14. c5
$5 {[%cal Gb2h8][%mdl 4] Ein interessanter Zug, um die Stellung zu öffnen und
für den b2-Läufer mehr Aktivität zu erhalten.} (14. Rfd1 c5 15. bxc5 bxc5 16.
Rab1 Ng5 17. Nxg5 Qxg5 18. d5 Bc8 19. Bc3 f5 20. Bd2 f4 21. exf4 exf4 22. Rb3
Ne5 23. f3 a4 24. Rc3 Qf6 25. Re1 Bf5 {0-1 Lenz,A-Lahno,K/Rethymnon GRE 2003/
(36)}) 14... bxc5 (14... Bd5 15. c6 Ndf6 (15... Nb8 16. b5 $18) 16. dxe5 dxe5
17. b5 $16) 15. bxc5 dxc5 (15... Bd5 16. c6 Nb8 17. dxe5 Bxc6 (17... Nxc6 18.
Rad1 $18) 18. Bd3 $16) 16. dxe5 $16 {[%csl Gb2,Rc5,Rc7] Weiß hat das
Läuferpaar, besonders der b2B steht stark. Außerdem ist der schwarze
Doppelbauer auf der c-Linie viel schwächer als der weiße auf der e-Linie.} Kh8
(16... Bd5 17. Rfd1 c6 18. Bc4 $16) 17. Rab1 {[%cal Gb1b7] Die weiße Drohung
ist 18.e6, 19.Bxg7+ und 20.Rxb7.} (17. Rfd1 $16) 17... Bd5 (17... Rab8 18. Rfd1
$16) 18. Rfd1 c6 {Schwarz verstärkt seine Läuferstellung auf d5.} 19. Bc4 Qe6 (
19... Nb6 20. Bd3 Ng5 21. Nd2 $16) {[#]} 20. Qxe4 $1 {Ein sehr schöner Zug,
der zu Vereinfachungen führt, wonach Weiß ein klar vorteilhaftes Endspiel
erhält.} Bxe4 21. Bxe6 fxe6 22. Rbc1 Nb6 (22... Bd5 $2 23. e4 $18) (22... Bxf3
23. gxf3 $14 (23. Rxd7 Bd5 24. Rxc5 Rab8 25. Bc1 $16)) 23. Nd2 Bg6 (23... Bd5
24. e4 Ba2 25. Rxc5 $16) 24. Nb3 {[%csl Rc5] Der c5P ist kaum zu verteidigen.}
(24. Rxc5 $2 Na4 25. Bd4 Nxc5 26. Bxc5 Rfb8 $15) 24... Na4 (24... c4 25. Nc5
$16 {[%csl Gc5]}) 25. Ba1 Rfb8 26. Nxc5 Nxc5 27. Rxc5 {[%mdl 4096] Weiß hat
einen Bauern mehr und auf den ersten Blick kann man kaum glauben, dass Schwarz
wegen der ungleichfarbigen Läufer Probleme hat. Aber in Wirklichkeit hat Weiß
eine sehr aktive Stellung.} Ra6 (27... Be4 28. f3 Bd5 29. e4 Bb3 30. Rd6 $18)
28. Bc3 a4 29. Bb4 {[%csl Gb4,Gc5][%cal Gd1d8] Schwarz hat kein Gegenspiel und
Weiß kann seine Bauernmehrheit am Königsflügel mobilisieren.} Be4 30. f3 Bd5
31. e4 Bb3 32. Rd6 {Die weißen Türme dominieren auf dem Brett.} Rc8 33. Kf2 h6
34. h4 {[%csl Ge4,Ge5,Gf3,Gg2,Gh4] Der weiße Endspielplan ist ganz einfach -
er möchte am Königsflügel Freibauern bilden.} Rb6 35. Ke3 Kh7 36. h5 Ra6 37. f4
Kg8 38. f5 Re8 (38... exf5 39. exf5 $18) 39. Rd7 (39. Kf4 $18) 39... exf5 40.
exf5 $18 Bd5 41. e6 (41. Rcxd5 cxd5 42. Kd4 $18) 41... Rea8 42. Rcxd5 $1 {
Dieses Qualitätsopfer ist der einfachste Weg zum Sieg.} cxd5 43. Bc5 {[%cal
Rc5d4,Rd7g7,Rd4g7] Der c5B strebt nach d4, von wo er g7 angreifen kann.} Kh8
44. Bd4 Rg8 45. Re7 {[%cal Gf5f6] Weiß verteidigt den e6-Bauern und bereitet
f5-f6 vor.} Raa8 46. f6 1-0

[Event "Zlin"]
[Site "Zlin"]
[Date "1995.??.??"]
[Round "?"]
[White "Stohl, Igor"]
[Black "Kogan, Artur"]
[Result "1/2-1/2"]
[WhiteElo "2525"]
[BlackElo "2495"]
[Annotator "Ribli,Z"]
[PlyCount "94"]
[EventDate "1995.??.??"]
[EventType "tourn"]
[EventRounds "9"]
[EventCountry "CZE"]
[EventCategory "10"]
[SourceTitle "CBM 049"]
[Source "ChessBase"]
[SourceDate "1995.12.01"]
[SourceVersion "1"]
[SourceVersionDate "1995.12.01"]
[SourceQuality "1"]

1. Nf3 e6 2. c4 Nf6 3. Nc3 b6 4. e4 Bb7 (4... d6 $2 5. d4 Be7 6. Bd3 Bb7 7. O-O
c5 8. d5 e5 9. Ne1 $14 {Portisch,L-Skembris,S/Tilburg,20'/1994/CBM44/}) 5. Bd3
c5 (5... d6 6. Bc2 c5 7. O-O Be7 8. d4 cxd4 9. Nxd4 O-O 10. b3 a6 11. Bb2 Nbd7
12. Re1 g6 13. Qf3 Re8 14. Rad1 Bf8 15. Qh3 Qc7 16. Qg3 Rac8 $13 {Uhlmann,
W-Vaganian,R/ GER-CupT/1994/EXP 40/ Weiss hat Raumvorteil, aber die schwarze
Stellung ist sehr elastisch. Die Chancen sind ungefaehr gleich.}) 6. O-O Nc6 7.
e5 Ng4 8. Be4 Qb8 $5 {Eine Neuerung} (8... f5 9. exf6 Nxf6 10. Bxc6 Bxc6 11. d4
Bxf3 12. Qxf3 cxd4 13. Nb5 Rc8 14. Bf4 (14. b3 a6 15. Nxd4 Bc5 16. Be3 O-O 17.
Qe2 b5 18. cxb5 Qb6 $10 {Georgiev,Ki-Anand,V/Manila izt/1990/CBM19/INF49,(16)/}
) 14... Rxc4 15. Rac1 Rc5 16. Qb7 Kf7 17. Nxd4 Be7 18. Nf3 Re8 19. Rxc5 bxc5
20. Rd1 $44 {Illescas Cordoba,M-Garcia,D/Pamplona/1992/CBM33/}) 9. Re1 f6 (9...
f5 $6 10. Bxc6 Bxc6 11. h3 Nh6 (11... Bxf3 12. Qxf3 Nxe5 13. Rxe5 Qxe5 14.
Qxa8+ $18) 12. d4 $1 Bxf3 13. Qxf3 $16) 10. d4 cxd4 11. Nxd4 Nxd4 12. Bxb7 Qxb7
13. exf6 (13. Qxg4 Nc2 $17) 13... Nf3+ $5 {Ein unangenehmer Zwischenzug.} (
13... Nxf6 14. Qxd4 Bc5 15. Qd3 O-O 16. Re2 $14) 14. Qxf3 (14. gxf3 Nxf6 15.
Bg5 Bc5 $13) 14... Qxf3 15. gxf3 Nxf6 {Beide Seiten haben ihren eigenen
schwachen Punkt. ( Fuer Schwarz die d7 und e6 Bauern, weil fuer Weiss die f2
und f3 Bauern) Der Anziehende steht nicht mehr besser.} 16. Bg5 Rc8 17. b3 Bb4
18. Re3 Kf7 19. Ne4 (19. Rd1 Bxc3 20. Rxc3 d5 $13) 19... d5 $5 20. cxd5 exd5
21. a3 Be7 (21... Bc5 $5 22. Nxc5 bxc5 $13) 22. Bxf6 gxf6 (22... Bxf6 $2 23.
Nd6+ Kg6 24. Rd1 Rc6 25. Rxd5 Rd8 26. Red3 $14 Be7 $2 27. Nf5 $1 Rxd5 28. Nxe7+
$18) 23. Ng3 Rc2 24. b4 Rhc8 25. Nf5 Bf8 26. Rd3 a5 $1 {Der Nachziehende
braucht den c5-Feld fuer seinen Laeufer.} 27. bxa5 bxa5 28. Rxd5 Bc5 29. Ne3 (
29. Rf1 $2 Ke6 $1) 29... Bxe3 30. fxe3 Rg8+ 31. Kh1 Rgg2 32. Rh5 $1 Kg6 33. Rh3
Ra2 34. Rxa2 Rxa2 35. Rg3+ Kf7 36. Rh3 Kg6 37. Rg3+ Kf5 38. Rh3 Rxa3 39. Rxh7
Rxe3 40. Rh5+ Kf4 41. Rxa5 Rxf3 42. Ra4+ Kg5 43. Kg2 Rb3 44. h4+ Kg6 45. Kf2 f5
46. Ra6+ Kh5 47. Ra4 Kg6 {Ribli} 1/2-1/2

[Event "Asia-ch 5th"]
[Site "Hyderabad"]
[Date "2005.10.12"]
[Round "6"]
[White "Kotsur, Pavel"]
[Black "Wang, Hao"]
[Result "1-0"]
[WhiteElo "2587"]
[BlackElo "2519"]
[Annotator "Ribli,Z"]
[PlyCount "139"]
[EventDate "2005.10.05"]
[EventType "swiss"]
[EventRounds "9"]
[EventCountry "IND"]
[SourceTitle "CBM 110"]
[Source "ChessBase"]
[SourceDate "2006.01.31"]
[SourceVersion "1"]
[SourceVersionDate "2006.01.31"]
[SourceQuality "1"]

1. c4 Nf6 2. Nc3 e6 3. Nf3 Bb4 4. Qc2 c5 5. a3 Ba5 6. g3 Nc6 7. Bg2 O-O 8. O-O
d6 9. e3 e5 10. d3 h6 11. h3 (11. Nd5 Be6 12. Nd2 Rc8 13. b3 Nh7 14. f4 Qd7 15.
Bb2 f6 16. Ne4 f5 17. Nec3 Nf6 18. Rab1 Bd8 19. b4 b6 20. Ba1 exf4 21. gxf4 Ne7
22. bxc5 dxc5 23. e4 $1 $14 {1-0 Vaganian,R-Dautov,R/Reggio Emilia 1996/CBM 51/
[Ribli] (69)}) 11... Be6 12. Kh2 (12. b3 $5 Rc8 13. Bb2) 12... a6 {[%cal Yb7b5]
Mit diesem Zug bereitet Schwarz b7-b5 vor.} (12... Rc8 13. b3 d5 14. Na4 b6 (
14... Bb6 15. cxd5 Nxd5 16. Bb2) 15. Rd1 d4 16. Rb1 a6 17. exd4 exd4 18. Bf4
Re8 19. Rb2 Nd7 20. Bd6 Nf6 21. b4 $36 {Karpov,An-Adams,M/Groningen/1995/CBM51/
}) 13. Rd1 Qc8 14. Ng1 {[%cal Gc3d5,Gg1e2] Weiß bereitet 15.Nge2 und 15.Nd5
vor.} Bxc3 15. Qxc3 b5 16. b4 {[%cal Gc1b2,Gb2h8] Mit dem Läuferpaar muss Weiß
die Stellung öffnen.} cxb4 17. axb4 d5 (17... bxc4 18. dxc4 Rd8 19. b5 axb5 20.
cxb5 Rxa1 21. Qxa1 Ne7 22. Ba3 $14) 18. cxb5 axb5 19. Bb2 $14 {[%csl Gb2,Gg2]
Die Bauernstellung ist symmetrisch, aber Weiß besitzt einen kleinen
Positionsvorteil aufgrund seines Läuferpaares.} Rxa1 20. Rxa1 Qb7 21. f4 $1 {
[%cal Gb2h8][%mdl 32] Weiß möchte den Wirkungskreis des b2-Läufers erweitern.}
Rc8 {[%cal Gc8c3]} (21... exf4 22. gxf4 $16) 22. fxe5 Nd7 23. Ne2 (23. d4 $2
Ncxe5 $17) 23... Ncxe5 24. Qd2 {[%csl Gb2,Yd4,Yf4][%cal Ge2d4,Ge2f4,Gb2g7]
Weiß kann nun 25.Nd4 oder 25.Nf4 ziehen, sein b2B steht ausgezeichnet.} Ra8 25.
Nf4 (25. Nd4) 25... Rc8 (25... Rxa1 26. Bxa1 $14) 26. Ne2 Ra8 27. Nd4 Rxa1 28.
Bxa1 Qa6 29. Bc3 Qa4 30. Ne2 {[%cal Ge2f4]} (30. Qe2 $5 $16 {[%cal Ge3e4]})
30... Qb3 31. Nc1 Qb1 32. Qb2 $1 {Weiß tauscht die aktive Dame des Gegners und
erlangt das bessere Endspiel.} Qxb2 33. Bxb2 {[%mdl 4096]} h5 $6 (33... Kf8 $14
) 34. Kg1 {[%cal Gg1f2,Gf2e2]} Bf5 (34... Kf8 $14) 35. Bxd5 Nxd3 (35... Bxh3
36. Kf2 $16) 36. Nxd3 Bxd3 37. Kf2 Nb6 38. Bc6 Nc4 39. Bc3 Nd6 {[%cal Gd6e4]
Es droht 40...Ne4+, wonach das Endspiel mit ungleichfarbigen Läufern Remis
wäre.} 40. Kf3 f6 (40... f5 41. Kf4 $16) 41. e4 Kf7 42. Ke3 $6 (42. e5 $5 fxe5
43. Bxe5 $16) 42... Bf1 43. h4 Bg2 $1 {[%csl Gg2][%cal Gg2c6] Schwarz
verteidigt sich gut: der schwarze Läufer fesselt den weißen, weswegen Weiß
nicht e4-e5 ziehen kann.} (43... Ke6 44. Bd5+ Kd7 45. e5 $16) 44. Bd5+ Ke7 45.
Kd4 (45. Kf4 g5+ 46. hxg5 fxg5+ 47. Kxg5 Nxe4+ 48. Bxe4 Bxe4 49. Kxh5 Kf7 $11)
45... Bf1 $6 (45... f5 $1 46. e5 (46. exf5 Nxf5+ $11) 46... Bxd5 47. Kxd5 Ne4
48. Be1 g5 49. hxg5 Nxg5 50. Kc6 Nf3 $11) 46. Bd2 Nc4 (46... Bg2 47. Bf4) 47.
Bf4 Nb6 48. Bc6 Nd7 49. e5 $1 fxe5+ (49... Nf8 $142 50. exf6+ Kxf6 51. Be5+ Ke7
) 50. Bxe5 $16 g6 (50... Nf8 $142) 51. Bf4 Nf8 52. Bh6 Kd6 (52... Ne6+ 53. Ke5
$16) 53. Be4 Ne6+ 54. Ke3 {[%csl Rg6] Schwarz kann nicht den g6-Bauern
verteidigen.} Bh3 55. Bxg6 Bg4 56. Ke4 Bd1 57. Bf4+ Ke7 (57... Nxf4 58. Kxf4
Kd5 59. Bd3 Ba4 (59... Kc6 60. Kg5 $18) 60. Be2 $18) 58. Ke5 Nc7 59. Bg5+ Kd7
60. Bf5+ Kc6 61. Be4+ Kd7 62. Be3 Na6 (62... Ne6 63. Bf5 Bb3 (63... Bg4 64.
Bxg4 hxg4 65. Kf6 (65. Kf5 $18) 65... Nc7 66. h5 Nd5+ 67. Kf7 Nxe3 68. h6 $18)
64. Bg5 Ba2 65. g4 hxg4 66. Bxg4 Bb3 67. h5 $18) 63. Bd2 Nc7 64. Kf6 Ne8+ 65.
Kg5 {[%csl Rh5]} Nd6 66. Bd3 Nf7+ 67. Kf6 Nd6 68. Bf4 Nc4 69. Kg5 Ke6 70. Bg6
1-0

[Event "URS-ch58"]
[Site "Moscow"]
[Date "1991.??.??"]
[Round "11"]
[White "Budnikov, Alexandar"]
[Black "Naumkin, Igor"]
[Result "1-0"]
[WhiteElo "2525"]
[BlackElo "2490"]
[Annotator "Ribli,Z"]
[PlyCount "173"]
[EventDate "1991.11.??"]
[EventType "swiss"]
[EventRounds "11"]
[EventCountry "URS"]
[SourceTitle "URS-ch"]
[Source "ChessBase"]
[SourceDate "1999.07.01"]
[SourceVersion "1"]
[SourceVersionDate "1999.07.01"]
[SourceQuality "1"]

1. Nf3 Nf6 2. c4 e6 3. Nc3 Bb4 4. Qc2 O-O 5. a3 Bxc3 6. Qxc3 b6 7. g3 Bb7 8.
Bg2 d6 9. O-O Nbd7 10. b3 Qe7 11. Bb2 Rae8 (11... c5 12. Rad1 Rfe8 13. Rfe1 Qf8
14. d3 {remis Lukov,V-Budnikov,A Vienna op 1991 EXP/25}) 12. d3 e5 13. e4 Qd8
14. Nh4 Nc5 15. f4 $1 a5 16. Rae1 Nfd7 17. Bc1 $1 exf4 18. Nf5 $1 Qf6 19. Qc2
$1 f3 20. Rxf3 Qd8 21. g4 $14 Ne5 22. Rg3 Ne6 23. d4 Ng6 24. Qf2 c5 25. d5 Nc7
26. a4 Bc8 27. Rf1 f6 28. Rh3 Rf7 29. Qg3 Ne5 30. Qh4 Bxf5 (30... h6 31. Bxh6
$1 $18) 31. exf5 $1 h6 32. Re3 Rfe7 33. Qg3 Kf7 34. h4 Rh8 35. Rfe1 Ke8 36. Bb2
Kd7 37. Bxe5 Rxe5 38. Rxe5 dxe5 39. d6 $1 Ne8 40. Qf3 Nxd6 41. Qc6+ Ke7 42. Rd1
Re8 (42... Qb8 $2 43. Qd5 $18) 43. Bf3 $1 Qb8 44. Qd5 $1 Nf7 45. g5 $1 e4 (
45... hxg5 46. Bh5 $18) 46. g6 Ne5 47. Bxe4 Kf8 48. Kg2 Qc7 49. Bf3 Qe7 50. Qd6
$1 Qxd6 51. Rxd6 $18 Rb8 52. Bd5 Ke7 53. Re6+ Kf8 54. Kg3 Nd7 55. Rc6 Ke7 56.
Be6 Ne5 57. Rc7+ Kf8 58. Bd5 h5 59. Kf4 Nd3+ 60. Ke3 Ne5 61. Ra7 Re8 62. Kd2
Rd8 63. Kc2 Nd7 64. Rb7 Ke7 65. Be6 Kd6 66. Kc3 Kc6 67. Ra7 Kd6 68. Kd2 Nf8 69.
Bd5 Nd7 70. Ke3 Re8+ 71. Kf4 Re1 72. Be6 Nf8 73. Bc8 Re7 74. Rxe7 Kxe7 75. Bb7
Nd7 76. Bf3 Nb8 77. Bxh5 Na6 78. Bf3 Nc7 79. Bc6 Kd6 80. Bb5 Ke7 81. Ke4 Kd6
82. h5 Ke7 83. Bc6 Kf8 84. Bb7 Ke7 85. Bd5 Ne8 86. Be6 Nc7 87. h6 1-0

[Event "Dortmund SuperGM"]
[Site "Dortmund"]
[Date "2001.07.12"]
[Round "1"]
[White "Topalov, Veselin"]
[Black "Kramnik, Vladimir"]
[Result "0-1"]
[WhiteElo "2711"]
[BlackElo "2802"]
[Annotator "Ribli,Z"]
[PlyCount "94"]
[EventDate "2001.07.12"]
[EventType "tourn"]
[EventRounds "10"]
[EventCountry "GER"]
[EventCategory "21"]
[SourceTitle "CBM 085"]
[Source "ChessBase"]
[SourceDate "2001.11.13"]
[SourceVersion "1"]
[SourceVersionDate "2001.11.13"]
[SourceQuality "1"]

1. Nf3 Nf6 2. c4 e6 3. Nc3 Bb4 {Das ist interessant - bis jetzt spielte
Kramnik diese Variante auch mit Weiß.} 4. Qb3 (4. g3) (4. Qc2) 4... c5 5. g3
Nc6 6. a3 Ba5 {Schwarz schlägt (noch) nicht auf c3. In der Folge muss Weiß
aber immer mit Bxc3 rechnen.} (6... Bxc3 7. Qxc3) 7. Bg2 O-O 8. O-O d5 (8...
Qe7 9. d3 h6 10. e3 Bxc3 11. Qxc3 e5 12. b4 d6 13. Bb2 Re8 14. b5 Nb8 15. d4 e4
16. Nd2 Bf5 17. f3 cxd4 18. exd4 e3 19. Rae1 Nbd7 20. Ne4 d5 {1/2-1/2 Votava,
J-Berzinsh,R/Olomouc 1997/CBM 61 (34)}) (8... d6 9. d3 Qe7 10. Bd2 Rd8 11. Qa4
Bd7 12. Rab1 Be8 13. Rfc1 h6 14. Qd1 Rac8 15. Qe1 b6 16. e4 Ng4 17. Qd1 Bxc3
18. bxc3 Nf6 19. Qe2 $14 {Dzindzichasvili,R-Salov,V Manila izt 1990 CBM/19 49/
17}) 9. d3 h6 {Schwarz verhindert das mögliche Bg5.} 10. Bf4 (10. Na4 Qe7 (
10... b6 11. Bf4 Bd7 12. Nc3 Bxc3 13. Qxc3 d4 14. Qc2 Re8 15. Ne5 Nxe5 16. Bxe5
Ng4 (16... Rc8 $5) 17. Bxa8 Qxa8 18. Bf4 e5 19. Bc1 f5 20. f3 {1-0 Ehlvest,
J-Romanishin,O/Terrassa 1991/CBM 24/[Ribli] (30)}) 11. Qc2 d4 12. Rb1 (12. e3
e5 13. exd4 exd4 14. Bd2 Bxd2 15. Nxd2 (15. Qxd2 $5) 15... Bd7 16. Rfe1 Qd6 17.
b3 Rae8 {0-1 Nikolac,J-Kurajica,B/Cro Cup 2001/[1/2] (31)}) 12... Rd8 13. e3 e5
14. exd4 exd4 15. Bd2 Bxd2 16. Qxd2 Rb8 17. Qf4 b5 18. Rfe1 Qf8 19. Nd2 bxa4
20. Bxc6 {1-0 Milos,G-Van Riemsdijk,H/Buenos Aires 1990/CBM 20 ext (53)}) (10.
e3 b6 11. Rd1 Bb7 12. cxd5 exd5 13. Ne2 Qe7 14. Qa4 a6 15. b4 cxb4 16. Ned4
Rfc8 17. Bb2 bxa3 18. Bxa3 Qd7 19. Bb2 b5 20. Qb3 Nxd4 21. Bxd4 $44 {1-0
Ivanov,I-Lobo,R/USA 1990/EXT 2000 (43)}) 10... Re8 11. Na4 (11. Ne5 Nxe5 (11...
Nd4) 12. Bxe5 Nd7 (12... Ng4) 13. Bd6 d4 14. Na4 Bb6 15. Qc2 e5 16. b4 cxb4 17.
axb4 Bc7 18. c5 a6 19. f4 Rb8 20. Qa2 Bxd6 21. cxd6 Nf6 22. fxe5 Rxe5 23. Nc5
Qxd6 {1/2-1/2 Filippov,V-Kiriakov,P/Krasnoiarsk 1998/EXT 2000 (23)}) 11... b6 {
Dieser natürliche Zug führt zu Ausgleich.} (11... e5 12. cxd5 Nd4 13. Nxd4 cxd4
14. Bc1 Bg4 $13) (11... dxc4 12. Qxc4 e5 13. Be3 e4 $13 (13... Nd4)) 12. Ne5
Bd7 (12... Bb7 $2 13. Nxc5 $16) 13. e3 $6 (13. Nc3 $5 Bxc3 14. bxc3 (14. Qxc3
d4 15. Qc2 Rc8 $11 (15... Nxe5 $6 16. Bxe5 Ng4 17. Bxa8 Qxa8 18. Bf4 e5 19. Bc1
f5 $44)) 14... Nxe5 15. Bxe5 Bc6 16. cxd5 Bxd5 17. Bxd5 exd5 18. Bxf6 Qxf6 19.
Qxd5 Rad8 $11) 13... g5 $1 {Ein ausgezeichneter Zug! Schwarz schwächt - von
sich aus - seine Königsstellung, aber das hat keine Bedeutung. Wichtiger ist,
dass Weiß den Ne5 abtauschen muss. Danach bekommt Schwarz gutes Figurenspiel
und der weiße Bf4 Probleme.} (13... Rc8 $11) 14. Nxc6 Bxc6 15. Be5 Ng4 $15 {
[%csl Re5]} 16. Bc3 (16. cxd5 Bxd5 (16... Bxa4 $6 17. Qxa4 Nxe5 18. dxe6 $13 {
[%cal Rb2b4,Rb4a5]}) 17. Bxd5 Qxd5 18. Qxd5 exd5 19. Bc3 Bxc3 20. Nxc3 Rad8 $15
) 16... Bxc3 17. Nxc3 dxc4 18. dxc4 Bxg2 19. Kxg2 Qe7 {[%cal Ge7b7,Gb7g2][%mdl
32] Auf den ersten Blick wirkt die Stellung ausgeglichen. Zwar ist die
Bauernstruktur in der Tat symmetrisch, aber Schwarz kann sich am Königsflügel
etwas Initiative verschaffen.} 20. Ne4 (20. Qc2 f5 21. Qe2 (21. e4 $6 f4 $36)
21... Qb7+ 22. f3 Ne5 $15 {[%cal Gg5g4]}) (20. Ne2 Qb7+ 21. f3 f5 22. h3 Nf6
$15) 20... f5 21. h3 Ne5 22. Qc3 Nd7 23. Nd2 Rad8 24. Rad1 Nf6 (24... e5 25. e4
$1 (25. Nf3 $6 e4 $15) 25... f4 26. Nf3 $11 {[%cal Gf3e5]}) 25. Nf3 (25. Qe5
Rd6 26. Nf3 Red8 27. Rxd6 Rxd6 $15 {Schwarz kontrolliert die d-Linie. In der
Folge kann er Nd7 und e6-e5 ziehen.}) 25... Rxd1 26. Rxd1 e5 {[%csl Ge5,Gf5,
Gg5]} 27. Qc2 (27. Qd2 Qb7 $15 {[%cal Gb7g2]}) (27. Ng1 Qb7+ 28. Kh2 Kf7 $15) (
27. Ne1) 27... e4 28. Ng1 {[%cal Gg1e2,Ge2c3]} Rd8 29. Ne2 Rxd1 30. Qxd1 Qd7
31. Qxd7 {Weiß muss die Damen tauschen.} Nxd7 {[%mdl 4096] Schwarz hat
Raumvorteil, und sein Springer bekommt einen ausgezeichneten Posten auf e5.
Ich muss hier anmerken, dass der weiße P auf a3 nicht glücklich steht - eine
Bauernstruktur a2-b2-c4 wäre besser.} 32. b3 {Früher oder später muss Weiß so
spielen, aber seine Bauern am Damenflügel sind schwach.} Ne5 {[%csl Ge5][%cal
Ge5d3]} 33. Nc3 Kf7 34. g4 $6 {Weiß möchte sich vom positionellen Druck am
Königsflügel befreien. Seine Stellung ist schwer zu halten, aber anstelle der
Partiefortsetzung hätte eine passive Verteidigung vielleicht bessere
Rettungschancen versprochen.} (34. Nb5 a5 $5 (34... Nc6 35. g4 fxg4 36. hxg4
Ke6 37. f4 exf3+ 38. Kxf3 Ke5 $15) 35. a4 (35. Nd6+ $2 Ke6 36. Nc8 a4 $19)
35... Nf3 36. g4 (36. Nd6+ Ke6 37. Nc8 Nd2 38. Nxb6 Nxb3 39. Kf1 Nd2+ 40. Ke2
Nf3 {[%cal Rf3g1,Rg1h3]} 41. Kf1 Ne5 $17 {Anschließend kann Schwarz Kd6-Kc6
ziehen, und Weiß verliert Material.}) 36... Nd2 37. Nd6+ Ke6 38. Nxf5 Nxb3 39.
Nxh6 Nd2 40. Nf5 Nxc4 $17) 34... fxg4 35. hxg4 Nxg4 36. Nxe4 (36. Nb5 a5 37.
Nd6+ Ke6 38. Nxe4 Ne5 39. Nc3 Nd3 40. Nd5 Nc1 41. Nxb6 Nxb3 $17) 36... Ke6 37.
Nc3 Ne5 38. f4 (38. Nb5 $142 Nc6 39. Kg3 h5 40. f4 gxf4+ 41. Kxf4 h4 42. Kg4
Ke5 43. Kxh4 Ke4 $17) 38... gxf4 39. exf4 Nc6 40. Nb5 h5 $1 $17 {Der entfernte
schwarze Freibauer entscheidet die Partie.} (40... a5 41. Kf3 h5 (41... Nd4+
42. Nxd4+ cxd4 43. Ke4 $11) 42. Ke4 h4 43. Nc7+ $17) 41. Kg3 (41. Kf3 $2 Nd4+
42. Nxd4+ cxd4 43. Ke4 h4 $19) 41... a5 42. Nc7+ Kf5 43. Nd5 Nd4 44. Kh4 (44.
b4 cxb4 45. axb4 a4 46. Nc3 a3 $19) (44. Nxb6 Nxb3 45. Nd7 (45. Nd5 Nd2 46.
Ne3+ (46. Nb6 h4+ 47. Kxh4 Kxf4 $19) 46... Ke4 47. f5 Kxe3 48. f6 Ne4+ $19 {
[%cal Re4f6,Re4g3]}) 45... h4+ 46. Kxh4 Kxf4 $19) 44... Nxb3 45. Kxh5 Nd2 46.
Nxb6 Kxf4 47. Na4 (47. Kg6 Ke5 $19) 47... Ne4 $1 $19 (47... Nb3) (47... Ne4 $1
48. Kg6 Ke5 49. Kf7 Kd4 50. Ke6 Kxc4 51. Ke5 Kb3 52. Nb6 Nd2 $19 {[%cal Rc5c4]}
) 0-1